| 000 | 00000nam##2200000za#4500 |
| 001 | 9.688412 |
| 003 | CaOODSP |
| 005 | 20210624231419 |
| 007 | cr ||||||||||| |
| 008 | 150407|2006||||xxc|||||o f|0| 0 eng|d |
| 020 | |a0-662-43409-9 |
| 040 | |aCaOODSP|beng |
| 043 | |an-cn--- |
| 086 | 1 |aX9-29/2006E-PDF |
| 110 | 1 |aCanada. |bParliament. |bHouse of Commons. |
| 245 | 10|aStrategic outlook for the 39th Parliament |h[electronic resource] |
| 260 | |aOttawa - Ontario : |bHouse of Commons |c[2006]. |
| 300 | |a10p. |
| 500 | |aThe catalogue number (X9-29/2006) and ISBN (0-662-49245-5) for the bilingual print edition have been incorrectly copied in this electronic publication. |
| 590 | |a12-35-Supp|b2012-08-09 |
| 690 | 07|aParliament|2gcpds |
| 775 | 08|tAperçu stratégique pour la 39e législature |w(CaOODSP)9.632835 |
| 856 | 40|ahttp://publications.gc.ca|qPDF|s622 KB|uhttps://publications.gc.ca/collections/collection_2012/parl/X9-29-2006-eng.pdf |